[Event "BRA-ch 87th"]
[Site "Cuiaba"]
[Date "2021.10.31"]
[Round "6"]
[White "Cavalcante, Rodrigo Moreira"]
[Black "Leite, Coraci de Jesus"]
[Result "1-0"]
[WhiteElo "1964"]
[BlackElo "1763"]
[PlyCount "31"]
[EventDate "2021.10.28"]
[EventType "swiss"]
[EventRounds "11"]
[EventCountry "BRA"]
[SourceTitle "CBM 205 Extra"]
[Source "ChessBase"]
[SourceDate "2022.01.31"]
[SourceVersion "1"]
[SourceVersionDate "2022.01.31"]
[SourceQuality "1"]

1. e4 c5 2. Nf3 g6 3. d4 cxd4 4. Qxd4 Nf6 5. e5 Nc6 6. Qa4 Nd5 7. c4 Nb6 8. Qb3 d5 9. exd6 Qxd6 10. Be2 Bg7 11. 0-0 Na5 12. Qb5+ Nc6 13. c5 a6 14. Qxb6 Qe6 15. Re1 0-0 16. Nc3 1-0

[Event "Cuiaba Mato Grosso-ch"]
[Site "Cuiaba"]
[Date "2019.12.07"]
[Round "2"]
[White "De Campos, Mauro Pedroso"]
[Black "Leite, Coraci de Jesus"]
[Result "0-1"]
[WhiteElo "1775"]
[BlackElo "1769"]
[PlyCount "54"]
[EventDate "2019.12.06"]
[EventType "swiss"]
[EventRounds "6"]
[EventCountry "BRA"]
[SourceTitle "CBM 193 Extra"]
[Source "ChessBase"]
[SourceDate "2020.01.31"]
[SourceVersion "1"]
[SourceVersionDate "2020.01.31"]
[SourceQuality "1"]

1. e4 c5 2. Nf3 Nc6 3. d4 cxd4 4. Nxd4 Nf6 5. Nc3 a6 6. Be3 e6 7. h3 Bb4 8. Bd3 h6 9. Nde2 d5 10. exd5 Nxd5 11. Bd2 Ne5 12. Nf4 Nxd3+ 13. Nxd3 0-0 14. Nf4 Nxf4 15. Bxf4 Bd7 16. 0-0 b5 17. Bxh6 Bxc3 18. bxc3 gxh6 19. Qg4+ Kh8 20. c4 Rg8 21. Qf4 Qb6 22. Qd4+ Kh7 23. Qxd7 Rad8 24. Qe7 Qc6 25. g3 Qf3 26. Kh2 Rd2 27. Rae1 Qxg3+ 0-1

[Event "Cuiaba Contaud op"]
[Site "Cuiaba"]
[Date "2019.06.02"]
[Round "6"]
[White "Lopes, Marcelo Ferreira"]
[Black "Leite, Coraci de Jesus"]
[Result "1-0"]
[WhiteElo "1972"]
[BlackElo "1776"]
[PlyCount "83"]
[EventDate "2019.05.31"]
[EventType "swiss"]
[EventRounds "6"]
[EventCountry "BRA"]
[SourceTitle "EXT 2020"]
[Source "ChessBase"]
[SourceDate "2019.10.17"]
[SourceVersion "1"]
[SourceVersionDate "2019.10.17"]
[SourceQuality "1"]

1. e4 d5 2. exd5 Qxd5 3. Nc3 Qa5 4. Bc4 c6 5. d3 Nf6 6. Nge2 Bg4 7. f3 Bf5 8. 0-0 e6 9. Ng3 Bg6 10. f4 Bd6 11. Qe2 0-0 12. Nce4 Be7 13. Bd2 Qd8 14. Rae1 b5 15. Bb3 a5 16. a4 Na6 17. Bc3 Nc5 18. Nxc5 Bxc5+ 19. Kh1 Bd4 20. Ne4 b4 21. Nxf6+ Qxf6 22. Bxd4 Qxd4 23. Qe5 Rfd8 24. Qxd4 Rxd4 25. Re5 Kf8 26. g3 Bf5 27. Rc5 Rd6 28. Re1 Ke7 29. Rxf5 g6 30. Rfe5 Kd7 31. Kg2 Kc7 32. h4 Kb6 33. h5 Rg8 34. hxg6 Rxg6 35. Rh1 h6 36. Reh5 Rg7 37. Rxh6 Rd8 38. Rh7 Rdg8 39. Rxg7 Rxg7 40. Kf3 Kc7 41. Rh5 Kb6 42. g4 1-0

[Event "Cuiaba Contaud op"]
[Site "Cuiaba"]
[Date "2019.06.01"]
[Round "4"]
[White "De Campos, Mauro Pedroso"]
[Black "Leite, Coraci de Jesus"]
[Result "0-1"]
[WhiteElo "1785"]
[BlackElo "1776"]
[PlyCount "54"]
[EventDate "2019.05.31"]
[EventType "swiss"]
[EventRounds "6"]
[EventCountry "BRA"]
[SourceTitle "EXT 2020"]
[Source "ChessBase"]
[SourceDate "2019.10.17"]
[SourceVersion "1"]
[SourceVersionDate "2019.10.17"]
[SourceQuality "1"]

1. e4 d5 2. exd5 Qxd5 3. Nf3 Bg4 4. Be2 e6 5. 0-0 Nf6 6. Nc3 Qa5 7. a3 c6 8. b4 Bxb4 9. Bb2 Bd6 10. Nd4 Qe5 11. g3 Qxd4 12. Rb1 Bxe2 13. Nxe2 Qg4 14. Bxf6 gxf6 15. Rxb7 Nd7 16. f3 Qh3 17. Qb1 h5 18. Rxd7 Kxd7 19. Qb7+ Bc7 20. Nd4 Rhc8 21. Qxc6+ Ke7 22. Qb7 Kf8 23. Qb4+ Kg7 24. Ne2 e5 25. f4 Bb6+ 26. d4 exd4 27. Nxd4 Rxc2 0-1

[Event "Cuiaba Master 10th"]
[Site "Cuiaba"]
[Date "2019.03.04"]
[Round "5.6"]
[White "De Souza, Robson Luiz"]
[Black "Leite, Coraci de Jesus"]
[Result "0-1"]
[WhiteElo "1899"]
[BlackElo "1774"]
[PlyCount "112"]
[EventDate "2019.03.02"]
[EventType "swiss"]
[EventRounds "6"]
[EventCountry "BRA"]
[SourceTitle "EXT 2022"]
[Source "ChessBase"]
[SourceDate "2021.10.06"]
[SourceVersion "1"]
[SourceVersionDate "2021.10.06"]
[SourceQuality "1"]

1. d4 d5 2. Bf4 Nf6 3. e3 Bf5 4. Nf3 h6 5. Nbd2 e6 6. c4 Nbd7 7. Qb3 Qc8 8. Be2 c6 9. 0-0 Nh5 10. Bg3 Nxg3 11. hxg3 Bd6 12. Bd3 Bxd3 13. Qxd3 f5 14. cxd5 cxd5 15. Rac1 Qd8 16. Qb3 Qb6 17. Rc2 0-0 18. Rfc1 g5 19. a4 a5 20. Qxb6 Nxb6 21. b3 Rac8 22. Kf1 Kf7 23. Ke2 Rxc2 24. Rxc2 Rc8 25. Rxc8 Nxc8 26. Ne1 Ne7 27. Nd3 b6 28. Nf3 Nc6 29. Nfe1 Kf6 30. Nc2 e5 31. dxe5+ Bxe5 32. b4 Bc3 33. bxa5 bxa5 34. f3 d4 35. exd4 Nxd4+ 36. Nxd4 Bxd4 37. g4 f4 38. Nc1 Ke5 39. Kd3 Kd5 40. Nb3 Bb6 41. Kc3 Bf2 42. Kd3 Be1 43. Kc2 Kc4 44. Nc1 Bc3 45. Nb3 Be1 46. Nc1 Bf2 47. Ne2 Kb4 48. Nc3 Bd4 49. Ne4 Kxa4 50. g3 fxg3 51. Nxg3 Kb4 52. Nf5 Be5 53. Nxh6 a4 54. Nf7 Bf6 55. f4 gxf4 56. g5 f3 0-1

[Event "Caldas Novas op 1st"]
[Site "Caldas Novas"]
[Date "2017.03.11"]
[Round "3"]
[White "Leite, Coraci de Jesus"]
[Black "De Paiva Filho, Luiz Americo"]
[Result "0-1"]
[WhiteElo "1858"]
[BlackElo "1934"]
[PlyCount "136"]
[EventDate "2017.03.10"]
[EventType "swiss"]
[EventRounds "6"]
[EventCountry "BRA"]
[SourceTitle "CBM 177 Extra"]
[Source "ChessBase"]
[SourceDate "2017.04.27"]
[SourceVersion "1"]
[SourceVersionDate "2017.04.27"]
[SourceQuality "1"]

1. e4 e6 2. f4 d5 3. e5 c5 4. Nf3 Nc6 5. c3 Nge7 6. Na3 Bd7 7. Nc2 Qc7 8. a3 Na5 9. Ne3 b6 10. b4 Nb7 11. Bd3 Ng6 12. g3 a6 13. 0-0 Be7 14. h4 Bc6 15. Qc2 c4 16. Be2 f6 17. Nd4 Nd8 18. Bh5 0-0 19. Bxg6 hxg6 20. Nxc6 Qxc6 21. exf6 Bxf6 22. Ng4 Qe8 23. Nxf6+ gxf6 24. d4 cxd3 25. Qxd3 b5 26. Be3 Nb7 27. Rfe1 Rc8 28. Re2 Qf7 29. Rae1 Rfe8 30. a4 Rc4 31. axb5 axb5 32. Ra1 Nd6 33. Ra5 Rec8 34. Bd4 Ne4 35. Rc2 Qd7 36. Kh2 R8c7 37. Ra8+ Rc8 38. Rca2 R4c7 39. Bc5 Rxa8 40. Rxa8+ Kf7 41. Qd4 Qc6 42. Ra5 Nxc5 43. bxc5 Qxc5 44. Qd3 Qc4 45. Qd2 Qb3 46. Qd3 Qxc3 47. Qxb5 Qc2+ 48. Kh3 Qf5+ 49. Kh2 Rc2+ 50. Kg1 Rc1+ 51. Kf2 Qc2+ 52. Qe2 Qxe2+ 53. Kxe2 Rc7 54. Ra4 Ke7 55. Rd4 Kd6 56. Ke3 Rc3+ 57. Rd3 Rxd3+ 58. Kxd3 e5 59. Ke3 Ke6 60. g4 Kf7 61. Kf3 Kg7 62. Ke3 Kh6 63. Kf3 d4 64. fxe5 fxe5 65. Ke4 Kg7 66. g5 Kf7 67. Kd3 Ke7 68. Ke4 Ke6 0-1

[Event "Cuiaba Contaud op"]
[Site "Cuiaba"]
[Date "2012.10.28"]
[Round "5"]
[White "Leite, Coraci de Jesus"]
[Black "Moreira, Lunna Vezaro"]
[Result "1-0"]
[WhiteElo "1805"]
[BlackElo "1455"]
[PlyCount "87"]
[EventDate "2012.10.26"]
[EventType "swiss"]
[EventRounds "6"]
[EventCountry "BRA"]
[SourceTitle "EXT 2013"]
[Source "ChessBase"]
[SourceDate "2012.11.22"]
[SourceVersion "1"]
[SourceVersionDate "2012.11.22"]
[SourceQuality "1"]

1. e4 e5 2. c4 Nf6 3. Nc3 Bc5 4. Be2 Nc6 5. d3 Nd4 6. Be3 Nxe2 7. Qxe2 Bxe3 8. Qxe3 d6 9. h3 c5 10. Nf3 0-0 11. 0-0 Bd7 12. Nh2 Nh5 13. Nd5 Be6 14. Nc3 h6 15. Ne2 Qf6 16. Rab1 Qg6 17. g4 f5 18. Kh1 fxg4 19. hxg4 Bxg4 20. Rg1 Nf6 21. f3 Bxf3+ 22. Qxf3 Qh7 23. Qh3 g5 24. Qe6+ Qf7 25. Qh3 Qh5 26. Qg2 Ng4 27. Qxg4 Qxg4 28. Nxg4 Kg7 29. Ng3 Rf3 30. Nf5+ Kg6 31. Rg3 Rxg3 32. Nxg3 Rf8 33. Rf1 Rxf1+ 34. Nxf1 Kh5 35. Nf6+ Kg6 36. Ne8 h5 37. Nxd6 b6 38. Nc8 g4 39. Nxa7 Kg5 40. Nc8 Kf4 41. Kg2 h4 42. Nxb6 h3+ 43. Kh2 Kf3 44. a4 1-0